000 00698nam a2200241Ia 4500
005 20220316235436.0
008 121119s1995 ck gr 000 p spa
020 _a9582707003
041 0 _aspa
245 0 0 _aPoesia indígena de América
250 _aSegunda edición
300 _a119 páginas
_c20 cm
490 0 _aPoesía
650 1 4 _aLiteratura indígena latinoamericana
_2LEMB
650 1 4 _aPoesía indígena latinoamericana
_2LEMB
942 _2loc
_cBKLIT
264 _aBogotá
_bArango Editores
_c1995
336 _atexto
_btxt
_2rdacontent
337 _asin mediación
_bn
_2rdamedia
338 _avolumen
_bnc
_2rdacarrier
040 _aCO-BoRNBP
_bspa
_erda
_cCO-BoRNBP
084 _aP POE6
999 _c971
_d971